Corton Caravans and Chalets Ltd v Anglian Water Services Ltd (Record no. 73763)

MARC details
000 -LEADER
fixed length control field 01930cam a2200241 4500
008 - FIXED-LENGTH DATA ELEMENTS--GENERAL INFORMATION
fixed length control field 031110n2003 000 0 eng u
035 ## - SYSTEM CONTROL NUMBER
System control number (Sirsi) u124271
245 ## - TITLE STATEMENT
Title Corton Caravans and Chalets Ltd v Anglian Water Services Ltd
260 ## - PUBLICATION, DISTRIBUTION, ETC.
Date of publication, distribution, etc. 2003
490 ## - SERIES STATEMENT
Series statement Rating and Valuation Reporter
Volume/sequential designation [2003] RVR 323-344(22)
520 ## - SUMMARY, ETC.
Summary, etc. ACQ/19/2001, 25 June 2003. Concerned with the amount of compensation payable to claimant (C) by acquiring authority (A). Only part of the land was subject to a compulsory purchase order. C put forward two valuations using the residual basis of valuation of land assuming that the land would have been used for timeshare development. Valuation A was made under the Land Compensation Act 1961 s5 rule 2 based on the assumption that the hypothetical willing seller had all the characteristics of the claimant and was in the same factual positions whilst valuation B assumed that under the willing seller did not have the factual characteristics of the claimant. C's also produced an alternative valuation for use of land as a caravan park if the timeshare option was not accepted. A assessed the open market value of the land at £170 000. LT held that land should be assessed as a caravan site. £182 500 compensation awarded to C with interest at the standard rate. View decision at www.courtservice.gov.uk
650 ## - SUBJECT ADDED ENTRY--TOPICAL TERM
Topical term or geographic name entry element CORTON CARAVANS AND CHALETS LTD V ANGLIAN WATER SERVICES LTD
650 ## - SUBJECT ADDED ENTRY--TOPICAL TERM
Topical term or geographic name entry element COMPENSATION
650 ## - SUBJECT ADDED ENTRY--TOPICAL TERM
Topical term or geographic name entry element HOLIDAY VILLAGES
650 ## - SUBJECT ADDED ENTRY--TOPICAL TERM
Topical term or geographic name entry element TIMESHARE PROPERTY
650 ## - SUBJECT ADDED ENTRY--TOPICAL TERM
Topical term or geographic name entry element RESIDUAL VALUATION
650 ## - SUBJECT ADDED ENTRY--TOPICAL TERM
Topical term or geographic name entry element Valuation
9 (RLIN) 6273
650 ## - SUBJECT ADDED ENTRY--TOPICAL TERM
Topical term or geographic name entry element LOSS OF PROFITS
650 ## - SUBJECT ADDED ENTRY--TOPICAL TERM
Topical term or geographic name entry element LAND COMPENSATION ACT 1961 S5-RULE-2
690 ## - LOCAL SUBJECT ADDED ENTRY--TOPICAL TERM (OCLC, RLIN)
Topical term or geographic name as entry element ENVIRONMENTAL AND LAND CONSULTANCY-PLANNING AND DEVELOPMENT-COMPULSORY PURCHASE AND COMPENSATION
856 ## - ELECTRONIC LOCATION AND ACCESS
Uniform Resource Identifier <a href="https://www.courtservice.gov.uk/tribunals/lands/decisions/acq-19-2001.pdf">https://www.courtservice.gov.uk/tribunals/lands/decisions/acq-19-2001.pdf</a>
Public note View the decision on the Court Service website...
942 ## - ADDED ENTRY ELEMENTS (KOHA)
Suppress in OPAC 0
Holdings
Withdrawn status Lost status Source of classification or shelving scheme Damaged status Not for loan Home library Current library Shelving location Date acquired Total Checkouts Barcode Date last seen Copy number Price effective from Koha item type
    Dewey Decimal Classification     London London Journal article 27/11/2003   124271-3001 06/08/2019 1 06/08/2019 Law report